Plane Trigonometry : (Record no. 283315)
[ view plain ]
| 000 -LEADER | |
|---|---|
| fixed length control field | 00494nam a2200145Ia 4500 |
| 008 - FIXED-LENGTH DATA ELEMENTS--GENERAL INFORMATION | |
| fixed length control field | 150223s9999 xx 000 0 und d |
| 020 ## - INTERNATIONAL STANDARD BOOK NUMBER | |
| International Standard Book Number | 9710807838 |
| 050 ## - LIBRARY OF CONGRESS CALL NUMBER | |
| Classification number | QA 533 |
| Item number | .R457 2007 |
| 100 ## - MAIN ENTRY--PERSONAL NAME | |
| Personal name | Reyes, Edgardo A. |
| 245 ## - TITLE STATEMENT | |
| Title | Plane Trigonometry : |
| Remainder of title | simplified and integrated / |
| Statement of responsibility, etc | Edgardo A. Reyes. |
| 260 ## - PUBLICATION, DISTRIBUTION, ETC. (IMPRINT) | |
| Place of publication, distribution, etc | Mandaluyong, Philippines : |
| Name of publisher, distributor, etc | Cacho Hermanos Inc. , |
| Date of publication, distribution, etc | 2007 |
| 300 ## - PHYSICAL DESCRIPTION | |
| Extent | 239 pages : |
| Other physical details | Illustration ; |
| Dimensions | 21 cm. |
| 504 ## - BIBLIOGRAPHY, ETC. NOTE | |
| Bibliography, etc | Includes Index. |
| 650 ## - SUBJECT ADDED ENTRY--TOPICAL TERM | |
| Topical term or geographic name as entry element | Mathematics |
| General subdivision | Plane Trigometry |
No items available.